| 000 | 01461nam a2200229Ia 4500 | ||
|---|---|---|---|
| 003 | Ost | ||
| 005 | 20260416102359.0 | ||
| 008 | 260416s9999||||xx |||||||||||||| ||und|| | ||
| 040 | _cfsecg | ||
| 041 | _aara | ||
| 082 | _a658.8 | ||
| 100 |
_aبنان، كريمة _eمؤلف |
||
| 245 | 0 |
_aالتسويق والاشهار : _bموجهة لطلبة السنة الثالثة علوم الاعلام و الاتصال : تخصص: اتصال / _c كريمة بنان |
|
| 260 |
_aالجزائر _bجامعة الجزائر3: كلية العلوم الإقتصادية، العلوم التجارية وعلوم التسيير _c2022 |
||
| 300 |
_a108 ورقة _bايضاحات _c30 سم |
||
| 504 | _aالمراجع ص.103 | ||
| 520 | _aمدخل عام للتسويق، البيئة التسويقية، دراسة السوق، التجزئة، الاستهداف والتموضع، سلوك المستهلك، المزيج التسويقي، مفهوم الاشهار والأدبيات النظرية المرتبطة به، الاشهار الأنواع الأهمية والاهداف، مقاربات الإبداع الإشهاري،الوسائل الإشهارية، تصميم واخراج الاشهار. | ||
| 653 | _aالاعلان | ||
| 653 | _aالتسويق | ||
| 710 |
_aجامعة الجزائر3: كلية العلوم الإقتصادية، العلوم التجارية وعلوم التسيير _eناشر علمي |
||
| 942 | _cHANDOUT | ||
| 999 |
_c41362 _d41362 |
||